000 00767cam a22002651 4500
001 23151
003 BD-RjUL
005 20211209000910.0
008 140310s1955 enka 001 0 eng d
035 _a(BD-RjUL)23216
035 _a(OCoLC)5245354
040 _aDLC
_cOCl
_dUk
_dDLC
_dBD-RjUL
_beng
041 _aeng
082 0 0 _a915.4
_bLLF 1955
100 1 _aLlewellyn, Bernard,
_d1919-
_971369
245 1 0 _aFrom the back streets of Bengal /
_c Bernard Llewellyn,
260 _aLondon :
_bAllen & Unwin,
_c1955
300 _a286 p. :
_billus. ;
_c23 cm.
504 _aIncludes Index
650 0 _aSociety of Friends
_xMissions.
_971370
651 0 _aIndia
_xDescription and travel.
_971371
942 _2ddc
_cBK
999 _c23151
_d23151